000
00248nam a22000977a 4500
008
221026b |||||||| |||| 00| 0 eng d
020
_a
9789392794162
100
_a
Sundaram Kumar
_9
7595
245
_a
General Knowledge (NCERT)
260
_a
New Delhi
_b
JBC
999
_c
12093
_d
12093